000 00684nam a2200241Ia 4500
003 OSt
005 20221007063050.0
006 a|||||r|||| 00| 0
007 ta
008 221006b |||||||| |||| 00| 0 eng d
024 _a24,254
037 _cTextual
040 _aFLL
_cFLL
_beng
041 _2eng
_aeng
082 _aZ2:35, J9;3
100 _aMulla Sir Dinshah Fardunji
_9683753
245 0 _aIndian sale of goods act and the indian partnership act
250 _a5th
260 _aBombay
_bN.M. Tripathi Pvt. Ltd. India
_c1959
300 _aixii,1-188p
_ccm.
942 _hZ2:35, J9;3
_cTEXL
_2CC
999 _c1130273
_d1130273